000
00280nam a2200097Ia 4500
001
657260
005
20250826154612.0
008
250824s9999 xx 000 0 und d
245
0
_a
Bilimsel Serüvenler Dünya yı Uzaydan Haritalamak
_c
Robert Snedden
260
_b
TÜBİTAK YAYINLARI
999
_c
657260
_d
657260